League of Legends Champions (patch 6.5) - Statistics

General Stats
  • This quiz has been taken 54 times
  • The average score is 72 of 129
Answer Stats
Title Champion % Correct
The Darkin Blade Aatrox
100%
The Nine-Tailed Fox Ahri
100%
The Dark Child Annie
94%
The Emperor of the Sands Azir
94%
The Minotaur Alistar
91%
The Frost Archer Ashe
91%
The Sheriff of Piltover Caitlyn
91%
The Sad Mummy Amumu
88%
The Cryophoenix Anivia
82%
The Hand of Noxus Darius
79%
The Great Steam Golem Blitzcrank
76%
The Burning Vengeance Brand
76%
The Heart of the Frejlord Braum
73%
The Might of Demacia Garen
73%
The Fist of Shadow Akali
70%
Scorn of the Moon Diana
70%
The Spider Queen Elise
70%
The Judicator Kayle
70%
The Blind Monk Lee Sin
70%
The Master of Shadows Zed
70%
The Boy Who Shattered Time Ekko
67%
The Virtuoso Jhin
67%
The Lady of Luminosity Lux
67%
The Wuju Bladesman Master Yi
67%
The Wandering Caretaker Bard
64%
The Serpent's Embrace Cassiopeia
64%
The Glorious Executioner Draven
64%
The Prodigal Explorer Ezreal
64%
The Revered Inventor Heimerdinger
64%
The Loose Cannon Jinx
64%
The Void Walker Kassadin
64%
The Ice Witch Lissandra
64%
The Purifier Lucian
64%
The Eye of the Void Vel'Koz
64%
The Piltover Enforcer Vi
64%
The Widowmaker Evelynn
61%
The Outlaw Graves
61%
The Defender of Tomorrow Jayce
61%
The Radiant Dawn Leona
61%
Fallen Angel Morgana
61%
The Card Master Twisted Fate
61%
The Monkey King Wukong
61%
The Terror of the Void Cho'Gath
58%
The Grand Duelist Fiora
58%
The Sentinel's Sorrow Galio
58%
The Kraken Priestess Illaoi
58%
The Exemplar of Demacia Jarvan IV
58%
Grandmaster at Arms Jax
58%
The Sinister Blade Katarina
58%
The Voidreaver Kha'Zix
58%
The Fae Sorceress Lulu
58%
The Mad Chemist Singed
58%
The Swift Scout Teemo
58%
The Yordle Gunner Tristana
58%
The Plague Rat Twitch
58%
The Chronokeeper Zilean
58%
The Daring Bombardier Corki
55%
The Saltwater Scourge Gangplank
55%
The Missing Link Gnar
55%
The Yeti Rider Nunu
55%
Keeper of the Hammer Poppy
55%
The Starchild Soraka
55%
The Troll King Trundle
55%
The Night Hunter Vayne
55%
The Machine Herald Viktor
55%
The Magus Ascendant Xerath
55%
The Seneschal of Demacia Xin Zhao
55%
The Hexplosives Expert Ziggs
55%
The Tidal Trickster Fizz
52%
The Spear of Vengeance Kalista
52%
The Prophet of the Void Malzahar
52%
The Tidecaller Nami
52%
The Lady of Clockwork Orianna
52%
The Demon Jester Shaco
52%
The Half-Dragon Shyvana
52%
The Gem Knight Taric
52%
The Arrow of Retribution Varus
52%
The Tiny Master of Evil Veigar
52%
The Unforgiven Yasuo
52%
The Gravedigger Yorick
52%
The Madman of Zaun Dr Mundo
48%
The Storm's Fury Janna
48%
The Eternal Hunters Kindred
48%
The Mouth of the Abyss Kog'Maw
48%
The Twisted Treant Maokai
48%
The Iron Revenant Mordekaiser
48%
The Curator of the Sands Nasus
48%
The Titan of the Depths Nautilus
48%
The Eternal Nightmare Nocturne
48%
The Berserker Olaf
48%
The Armordillo Rammus
48%
The Pridestalker Rengar
48%
Eye of Twilight Shen
48%
Rise of the Thorns Zyra
48%
The Shadow of War Hecarim
45%
Shard of the Monolith Malphite
45%
The Bounty Hunter Miss Fortune
45%
The Void Burrower Rek'Sai
45%
The Butcher of the Sands Renekton
45%
The Undead Juggernaut Sion
45%
The Battle Mistress Sivir
45%
The Chain Warden Thresh
45%
The Crimson Reaper Vladimir
45%
The Thunder's Roar Volibear
45%
The Harbinger of Doom Fiddlesticks
42%
The Rabble Rouser Gragas
42%
The Enlightened One Karma
42%
The Deathsinger Karthus
42%
The Heart of the Tempest Kennen
42%
The Deceiver LeBlanc
42%
Demacia's Wings Quinn
42%
The Mechanized Menace Rumble
42%
The Winter's Wrath Sejuani
42%
The Crystal Vanguard Skarner
42%
The Barbarian King Tryndamere
42%
The Headsman's Pride Urgot
42%
The Will of the Blades Irelia
39%
The Bestial Huntress Nidalee
39%
The Rogue Mage Ryze
39%
The Blade's Shadow Talon
39%
The Spirit Walker Udyr
39%
The Blood Hunter Warwick
39%
The Secret Weapon Zac
39%
The Exile Riven
36%
Maven of the Strings Sona
36%
The Artisan of War Pantheon
33%
The Master Tactician Swain
33%
The Dark Sovereign Syndra
33%
The River King Tahm Kench
33%
No matching quizzes found
Score Distribution
Percent of People with Each Score
Percentile by Number Answered
Your Score History
You have not taken this quiz